zpět

Detail výsledku týmu

Pivovarský Dvůr PO, Liberec

Datum a čas kvízu

35 Celkem bodů Celkový počet nahraných bodů na tomto kvízu bez doplňovacích otázek.
5. Pořadí na kvízu Konečné umístění týmu na tomto kvízu.

Zaznamenané odpovědi

# Otázka Odpověď Body Výsledky
1. Na prvního Máje se konal jubil... za porušení nočního klidu 0
2. Slovenský premiér Robert Fico... B) závozník v pekárně 1
3. Která herečka oznámila, že se... Nicole Kidman 0
4. V arménském hlavním městě Jere... o osla 1
5. Hokejisté klubu Dynamo Pardubi... Roman Červenka 1
6. Ve filmu Sedm sledujeme detekt... závist (J. Doe), hněv (detektiv Mills) 1
7. Tato fotka je známým interneto... Americké psycho 1
8. Postava Karla Kopfrkingla je p... chrám smrti 0
9. Přiřaďte zločince k jejich fil... 1D 2C 3B 4A 1
10. Mladý syn se poprvé přímo zapo... Kmotr, Mario Puzo 1